UBT Library

The role of systems methodology in social science research / (Record no. 210)

000 -LEADER
fixed length control field 00728cam a2200241 i 4500
005 - DATE AND TIME OF LATEST TRANSACTION
control field 20131029105805.0
008 - FIXED-LENGTH DATA ELEMENTS--GENERAL INFORMATION
fixed length control field 780831s1978 ne a b 001 0 eng
010 ## - LIBRARY OF CONGRESS CONTROL NUMBER
LC control number
020 ## - INTERNATIONAL STANDARD BOOK NUMBER
International Standard Book Number 0898380057
041 0# - LANGUAGE CODE
Language code of text/sound track or separate title eng
080 ## - UNIVERSAL DECIMAL CLASSIFICATION NUMBER
Universal Decimal Classification number 316
100 1# - Rafti
Rafti Cavallo, Roger E.
245 14 - TITLE STATEMENT
Title The role of systems methodology in social science research /
Statement of responsibility, etc Roger E. Cavallo.
260 ## -
-- Boston :
-- M. Nijhoff,
-- 1979.
300 ## -
-- ix, 202 p. :
-- ill. ;
-- 24 cm.
440 #0 -
-- Frontiers in systems research ;
-- v. 1
500 ## -
-- Preface : f.[V] - VI
500 ## -
-- Includes indexes.
504 ## - BIBLIOGRAPHY, ETC. NOTE
Bibliography, etc Bibliography: p. [187]-195.
650 #0 -
-- Shkencat shoqërore
-- Hulumtim
650 #0 -
-- Shkencat shoqërore
-- Metodologjia
942 ## - ADDED ENTRY ELEMENTS (KOHA)
Source of classification or shelving scheme
Item type Books
Holdings
Withdrawn status Lost status Source of classification or shelving scheme Damaged status Not for loan Collection code Permanent location Current location Shelving location Date acquired Total Checkouts Full call number Barcode Date last seen Koha item type
          Koleksioni i përgjithshem UBT - Prishtine UBT - Prishtine Koleksioni i përgjithshem 10/29/2013   316 001-000237 10/29/2013 Books
UBT Library © 2015-2024. All rights reserved University Education for Business and Technology